• 首页
  • 本馆介绍
  • 公告通知
  • 最新文献
  • 馆藏检索
  • 电子资源
  • 读者导购
  • 参考咨询
  • 我的图书馆
  • 登录
  • 详细信息显示
  • 放入我的书架
  • 预约/预借图书
  • 作者相关作品
  • 分类相关作品
  • 丛书相关作品
  • 出版社相关作品

书目信息

  • 表格格式
  • 工作单格式
  • 卡片格式
题名:
奇异的动物王国
    
 
作者: 谢天雨 主编
分册:  
出版信息: 北京   中国言实出版社  2004
页数: 279页
开本: 21cm
丛书名: 科学探索大博览
单 册:
中图分类: Q95-49
科图分类:
主题词: 动物学--普及读物 , 动物学
电子资源:
ISBN: 7-80128-561-1
000 00796oam2 2200265 45
001 012005200075
005 20070116164857.89
010    @a7-80128-561-1@dCNY432.00(全18册)
092    @aCN@b93429
100    @a20051212d2004 em y0chiy0110 ea
101 0  @achi
102    @aCN@b110000
105    @ay z 000yy
200 1  @a奇异的动物王国@9qi yi de dong wu wang guo@f谢天雨主编
210    @a北京@c中国言实出版社@d2004
215    @a279页@d21cm
225 2  @a科学探索大博览
330    @a本书包括:怎样探索动物王国、生命是什么、地球上的第一条鱼、生命来自哪里、奇异的笔石等。
461  0 @12001 @a科学探索大博览
606 0  @a动物学@j普及读物
606 0  @a动物学
690    @aQ95-49@v4
701  0 @a谢天雨@9xie tian yu@4主编
801  0 @aCN@bLZJBOOK@c20070116
905    @a10447@dQ95-49@e103
    
    奇异的动物王国/谢天雨主编.-北京:中国言实出版社,2004
    279页;21cm.-(科学探索大博览)
    
    
    ISBN 7-80128-561-1:CNY432.00(全18册)
    本书包括:怎样探索动物王国、生命是什么、地球上的第一条鱼、生命来自哪里、奇异的笔石等。
●
相关链接 在E读中查询图书 在五车中查询图书 在当当中查询图书 在豆瓣中查询图书


正题名:奇异的动物王国     索取号:Q95-49/103         预约/预借

序号 登录号 条形码 馆藏地/架位号 状态 备注
1 0555193   205551936   第二样本阅览室/ [索取号:Q95-49/103] 在馆    
2 0555194   205551945   第三借阅区/ [索取号:Q95-49/103] 在馆    
3 0555195   205551954   第三借阅区/ [索取号:Q95-49/103] 在馆    
4 0555196   205551963   第三借阅区/ [索取号:Q95-49/103] 在馆    
5 0555197   205551972   第三借阅区/ [索取号:Q95-49/103] 在馆    
6 0555198   205551981   第三借阅区/ [索取号:Q95-49/103] 在馆    
7 0555199   205551990   第三借阅区/ [索取号:Q95-49/103] 在馆    
8 0555200   205552007   第三借阅区/ [索取号:Q95-49/103] 在馆    
唐山师范学院图书馆 欢迎您!
大连网信软件有限公司© 版权所有